000 00698nam a22002057a 4500
005 20180504121447.0
010 _a1718EN-30 B-68174-721
020 _a9789385755163
_c350.00
035 _aB-68174-721
037 _bPragati
_adpl
037 _bDBAD/PUB
082 _aN
100 _aKoshy,Mridula
245 _aBicycle dreaming /
_cby Mridula Koshy
260 _aNew Delhi
_bSpeaking Tiger
_c2016
270 _a4381/4 Ansari Road, Daryaganj,
_bNew Delhi
_e110002
300 _aviii,231p.
_c22cm(pbk)
942 _2ddc
_cEN
_mKOS
_hN
999 _c101041
_d101041